000 00536nam a2200181Ia 4500
999 _c14415
_d14415
003 OSt
005 20231227160750.0
008 190216s9999||||xx |||||||||||||| ||und||
020 _a9788126136506
040 _coclc
082 _a822.33
_bSHA/A
100 1 _aShakespeare, William,
_d1564-1616
_vAdaptations
_974
245 0 _aAs You Like It /
_cWilliam Shakespeare
260 _bAnmol Publications,
_aNew Delhi:
_c2009.
300 _a310p
650 _aEnglish
942 _cBK
_2ddc
_h822.33
_iSHA/A
_k822..33
_mSHA/A